Zlatá priadka

Bibliographic Details
Main Author: Ďuríčková, Mária, 1919-2004 (Author)
Format: Article
Language:Slovak

MARC

LEADER 00000nab a2200000ua 4500
001 vtls010757810
003 SK-MaSNL
005 20260304202853.0
008 250718s1969 xo |||||||||||||||||slo|
035 |a (urnnbn)urn:nbn:sk:snk:ar-a00e91 
035 |a (uuid)bdd05dc9-c445-4519-90b2-6307f7795a86 
035 |a urn:nbn:sk:snk-ab47g4 
040 |a SNKBUCL  |b slo  |c SNKBUCL  |e AACR2 
041 0 |a slo 
044 |a xo  |c SK 
100 1 |a Ďuríčková, Mária,  |d 1919-2004  |4 aut  |9 200338 
245 1 0 |a Zlatá priadka  |c Mária Ďuríčková 
773 0 |t Javisko  |g Roč. 1, č. 1 (1969), s. 16-17 
850 |a Slovenská národná knižnica 
852 |a Slovenská národná knižnica 
954 |a odborná, vedecká literatúra pôvodná (slovenská)  |2 lita 
958 |a article3 
958 |a OND 
958 |a EUIPO 
999 |c 3105947  |d 3107877